01056nam a2200193Ia 4500001001100000003001000011008004100021040002500062041001300087100002800100245011900128250001100247260010900258300001200367500017300379501011400552520017300666650002300839L250-17020IT-CnALBA170116s9999||||xx |||||||||||||| ||und|| aIT-CnALBAcIT-CnALBA aITALIANO aCUNIBERTI FELICE, TEOL. 0aISTRUZIONI PARROCCHIALI DI UN PARROCO DI CAMPAGNA. VOL. IV: VIRTÙ TEOLOGALI, CARDINALI E OPERE DI MISERICORDIA.  a1a ed. aMILANO - TORINObARTIGIANELLI TIPOG. S. GIUSEPPE. MI. TO'c1903 [1° Ed.:1903 - Ed.Ling.Originale: 1903] a424 p.  aFEDE, SPERANZA, CARITÀ. PRUDENZA, GIUSTIZIA, FORTEZZA E TEMPERANZA. OPERE DI MISERICORDIA SPIRITUALI E CORPORALI. I VIZI CAPITALI. I PECCATI CONTRO LO SPIRITO SANTO.  aSocietà San Paolo EM - Piazza San Paolo, 14 - 12051 ALBA (CN) (non commercial uses only) ® Copyright 2017 aFEDE, SPERANZA, CARITÀ. PRUDENZA, GIUSTIZIA, FORTEZZA E TEMPERANZA. OPERE DI MISERICORDIA SPIRITUALI E CORPORALI. I VIZI CAPITALI. I PECCATI CONTRO LO SPIRITO SANTO.  aTEOLOGIA PASTORALE